Normal view
MARC view
- الوعظ والارشاد- الدعوة الاسلامية
Entry Topical Term
001 - CONTROL NUMBER
- control field: 7365
003 - CONTROL NUMBER IDENTIFIER
- control field: JO-AjAnu
005 - DATE AND TIME OF LATEST TRANSACTION
- control field: 20230606071506.0
008 - FIXED-LENGTH DATA ELEMENTS
- fixed length control field: 230606|| aca||aabn | a|a d
040 ## - CATALOGING SOURCE
- Original cataloging agency: JO-AjAnu
- Transcribing agency: JO-AjAnu
150 ## - HEADING--TOPICAL TERM
- Topical term or geographic name entry element: الوعظ والارشاد- الدعوة الاسلامية
670 ## - SOURCE DATA FOUND
- Source citation: Work cat.: (JO-AjAnu)3810: الأنقوري، عبد الحميد بن عبد الرحمن ؛ تحقيق وضبط وتعليق: خالد عبد الفتاح شبل, author 7364, منية الواعظين وغنية المتعظين